00000000nam##2200000za#4500
0019.644351
003CaOODSP
00520210624224612
007cr |||||||||||
008150407|1979||||xxc|||||o    f|0| 0 fre|d
040 |aCaOODSP|bfre
043 |an-cn---
0861 |aA53-1709/1981F-PDF
1101 |aCanada.|bAgriculture Canada. |bService de l'information.
24510|aQu'en savez-vous? Les engrais |h[ressource électronique]
2461 |iTitre abrégé : |aLes engrais
260 |aOttawa - Ontario : |bAgriculture Canada. |c1981.
300 |a12p.|bill., tableaux
500 |aSommaire: Protection des produits entreposés.--Détection des problèmes.--Identification des organismes.--Lutte contre les infestations.--Renseignements supplémentaires.--Noms vernaculaires et scientifiques des principales espèces qui parasitent le grain entreposé.--Références.--Pour en savoir plus.--Annexe.
500 |aPublication historique numérisée par Agriculture et Agroalimentaire Canada.
590 |a15-05-Supp|b2015-03-31
77508|tWhat you should know about fertilizers |w(CaOODSP)9.700467
85640|ahttp://publications.gc.ca|qPDF|s773 Ko|uhttps://publications.gc.ca/collections/collection_2015/aac-aafc/A53-1709-1981-fra.pdf
986 |aPublication 1709/F